Managing local area networks

Сохранить в:
Библиографические подробности
Главный автор: Case, Thomas
Формат:
Опубликовано: McGraw-Hill 1995
Метки: Добавить метку
Нет меток, Требуется 1-ая метка записи!
Thư viện lưu trữ: Mạng thư viện Đại học Đà Nẵng
LEADER 00546nam a2200229 a 4500
001 000028628
003 14315
005 20171030145630.0
008 171030s1995
040 |a LTT 
082 0 |a 004,68  |b CA-T 
100 1 |a Case, Thomas 
245 0 0 |a Managing local area networks  |c Thomas Case, Larry Smith. 
260 |b McGraw-Hill  |c 1995 
500 |a ASIA 
OWN |a LTT 
999 |a From the UDN01 
TYP |a Monograph 
TYP |a Printed language 
980 |a Mạng thư viện Đại học Đà Nẵng